Football : Liste Équipe de France coupe du monde 2026 - Statistiques

Statistiques générales
  • Ce quiz a été pris 75 fois
  • Le résultat moyen est 25 sur 27
Statistiques - réponses
Club Joueur % Correct
Milan AC Mike Maignan
100%
FC Barcelone Jules Koundé
98%
Real Madrid Kylian Mbappé
98%
PSG Lucas Hernandez
98%
PSG Ousmane Dembélé
98%
Arsenal William Saliba
98%
Sélectionneur Didier Deschamps
97%
Bayern Munich Michael Olise
97%
Al-Hilal Théo Hernandez
97%
Real Madrid Aurélien Tchouameni
95%
PSG Bradley Barcola
95%
Bayern Munich Dayot Upamecano
95%
Manchester City Rayan Cherki
95%
Liverpool Ibrahima Konaté
94%
Rennes Brice Samba
92%
Inter Milan Marcus Thuram
92%
Fenerbahçe N'golo Kanté
92%
Milan AC Adrien Rabiot
90%
PSG Désiré Doué
90%
PSG Warren Zaïre-Emery
90%
Aston Villa Lucas Digne
89%
Chelsea Malo Gusto
89%
RC Lens Robin Risser
89%
Crystal Palace Jean-Philippe Mateta
87%
AS Roma Manu Koné
87%
AS Monaco Maghnes Akliouche
82%
Crystal Palace Maxence Lacroix
79%
Aucun quiz correspondant
Distribution des résultats
% des personnes avec chaque résultat
Percentile par nombre de réponses
Votre historique - résultats
Vous n’avez pas pris ce quiz